000
00303nam a2200133Ia 4500
100
_a
Dickler/ H.
942
_c
BK
654
_a
Guide to foxpro 2.6.
245
_a
Programmers guide to Foxpro 2.6
260
_b
B.P.B. Pub
_a
New Delhi
_c
1995
082
_a
005.13 'FOX'
546
_a
ENGLISH
999
_c
29183
_d
29183